|
|
|
|
| LEADER |
00000cam a2200000 a 4500 |
| 001 |
vtls001393958 |
| 003 |
SK-MaSNL |
| 005 |
20260301071527.0 |
| 008 |
250414s2000 xo a fr 10000 slo |
| 015 |
|
|
|a SNBA2000/11-04089
|
| 020 |
|
|
|a 8022512648
|
| 035 |
|
|
|a SNK000348275
|
| 035 |
|
|
|a urn:nbn:sk:snk-amjqsp
|
| 035 |
|
|
|a urn:nbn:sk:snk:ar-009022
|
| 035 |
|
|
|a fd96b8e0-dc08-48cc-95cc-ed296df2a3c5
|
| 040 |
|
|
|a SNK
|b slo
|c SNK
|e AACR2
|
| 041 |
0 |
|
|a slo
|
| 044 |
|
|
|a xo
|c SK
|
| 080 |
|
|
|a 339.9(082)=20=30
|2 1981
|
| 245 |
0 |
0 |
|a Rozšírenie Európskej únie a jeho následky
|b zborník z workshopu, Bratislava, 9. december 1999
|
| 246 |
1 |
0 |
|a EU-Osterveiterung und die Folgen
|
| 260 |
|
|
|a [Bratislava
|b Ekonóm
|c 2000]
|
| 300 |
|
|
|a 69 s.
|b tab.
|c 21 cm
|
| 500 |
|
|
|a Čiast. text nem. a angl.
|
| 504 |
|
|
|a Bibliogr. s. 68-69
|
| 610 |
2 |
7 |
|a Európska únia
|2 SNK
|9 29861
|
| 655 |
|
7 |
|a zborníky
|2 SNK
|9 70165
|
| 655 |
|
7 |
|a issue_zb
|2 SNK
|9 276493
|
| 852 |
|
|
|a Slovenská národná knižnica
|
| 919 |
|
|
|a 80-225-1264-8
|
| 954 |
|
|
|a odborná, vedecká literatúra pôvodná (slovenská)
|2 lita
|
| 954 |
|
|
|a odborná, vedecká literatúra cudzojazyčná (svetová)
|2 lita
|
| 958 |
|
|
|a EUIPO
|
| 958 |
|
|
|a ART
|
| 958 |
|
|
|a TL
|
| 958 |
|
|
|a NB
|
| 958 |
|
|
|a OND
|
| 999 |
|
|
|c 638113
|d 640043
|
| 952 |
|
|
|t P60, <03>, [BOOK], {603}
|a SNK
|b SNK
|y PREZ
|7 0
|p 17A0247543
|o snkSC 102368
|i snkKSP 8008/2000
|0 0
|1 0
|4 0
|d 2000-08-08
|l 0
|r 2025-09-24 00:00:00
|w 2026-02-23
|
| 952 |
|
|
|t P60, <04>, [BOOK], {604}
|a SNK
|b SNK
|y VYP
|7 0
|p 17A0247544
|o snkSC 102368 D1
|i snkKSP 8009/2000
|0 0
|1 0
|4 0
|d 2000-08-08
|l 0
|r 2005-01-02 00:00:00
|w 2026-02-23
|